Central Library OPAC University of Rajshahi
Normal view MARC view

Entry Personal Name

Number of records used in: 1

001 - CONTROL NUMBER

  • control field: 6211

003 - CONTROL NUMBER IDENTIFIER

  • control field: BD-RjUL

005 - DATE AND TIME OF LATEST TRANSACTION

  • control field: 20221207121022.0

008 - FIXED-LENGTH DATA ELEMENTS

  • fixed length control field: 221207|| aca||aabn | a|a d

040 ## - CATALOGING SOURCE

  • Original cataloging agency: BD-RjUL
  • Transcribing agency: BD-RjUL

100 ## - HEADING--PERSONAL NAME

  • Personal name: Qamar uddin, Muhanmmad

670 ## - SOURCE DATA FOUND

  • Source citation: Work cat.: (BD-RjUL)80921: Qamar uddin, Muhanmmad, مجموعۀ ميزان الصرف، تمتۀ مفيده، منشعب منثور،فوائده نافعه، تبصرۀ کامله، تتمۀ ابواب مزيد، منشعب منظوم، شجر منشعب Majmūʿah-ʼi Mīzān al-ṣarf, , takmilah-ʼi mufīdah, munshaʿab-i mans̲ūr,,, tatammah-ʼi abvāb-i mazīd, munshaʿab-i manẓūm, shajar-i munshaʿab /, 1295 [1879]